000 00384cam a2200157ua 4500
020 _c3.50
041 _ahin
_h
082 _a891.54
_bPAN/PR
100 _aPandit Ayadhyasingh, upadyay .
245 _aPriya pravas /
_cAyadhyasingh.
_hTextual Documents
260 _a :
_bHindi sahithiya ,
_c1962.
300 _a269 ; .
365 _a3.50
504 _a
999 _c11665
_d11665